000 00347 a2200109 4500
001 ART_44208
005 20260410161937.0
008 260409a
245 1 0 _aTaxonomy, communication, and rhetorical strategy
100 1 _aDavidson, Paul
773 0 _tJournal of post Keynesian economics
_g- Vol. 22, NÂș 1 (sep. 1999)
_wREV26226
999 _c29186
_d29186